000
00334 a2200157 4500
001
59778
020
_a
9783570127889
040
_c
Anchieta - Pituba
100
_a
Archer, Chris
240
1
0
_a
Die piraten
_l
por
245
1
0
_a
Die piraten
300
_a
191
362
0
_a
2005
650
4
_a
Literatura juvenil em alemão
942
_c
BK
999
_c
59778
_d
59778